Logos de marque - Statistiques

Statistiques générales
  • Ce quiz a été pris 18 380 fois
  • Le résultat moyen est 12 sur 20
Statistiques - réponses
marque % Correct
Amazon
99%
Adidas
98%
Apple
98%
KFC
98%
Monster
96%
Pepsi
95%
PlayStation
92%
Wikipedia
92%
Pringles
88%
Pizza Hut
72%
Shell
72%
JetPunk
47%
Taco Bell
45%
Yamaha
40%
BP
30%
Atari
25%
Dolby
21%
Target
20%
Firestone
7%
Xerox
6%
Aucun quiz correspondant
Distribution des résultats
% des personnes avec chaque résultat
Percentile par nombre de réponses
Votre historique - résultats
Vous n’avez pas pris ce quiz